<?xml version="1.0" encoding="UTF-8"?>
<record
    xmlns:xsi="http://www.w3.org/2001/XMLSchema-instance"
    xsi:schemaLocation="http://www.loc.gov/MARC21/slim http://www.loc.gov/standards/marcxml/schema/MARC21slim.xsd"
    xmlns="http://www.loc.gov/MARC21/slim">

  <leader>01551nam a22001937a 4500</leader>
  <controlfield tag="008">190311b        xxu||||| |||| 00| 0 eng d</controlfield>
  <datafield tag="022" ind1=" " ind2=" ">
    <subfield code="a">0304-405X</subfield>
  </datafield>
  <datafield tag="245" ind1=" " ind2=" ">
    <subfield code="a">Determinants and consequences of information processing delay: Evidence from the Thomson Reuters Institutional Brokers&#x2019; Estimate System / by Ferhat Akbas, Stanimir Markov, Musa Subasi, Eric Weisbrod </subfield>
    <subfield code="c">Ferhat Akbas, Stanimir Markov, Musa Subasi, Eric Weisbrod</subfield>
  </datafield>
  <datafield tag="260" ind1=" " ind2=" ">
    <subfield code="a">Amsterdam</subfield>
    <subfield code="b">Elsevier </subfield>
    <subfield code="c">February 2018</subfield>
  </datafield>
  <datafield tag="300" ind1=" " ind2=" ">
    <subfield code="a">Pages 366-388</subfield>
  </datafield>
  <datafield tag="440" ind1=" " ind2=" ">
    <subfield code="a">Journal of Financial Economics</subfield>
    <subfield code="x">0304-405X</subfield>
  </datafield>
  <datafield tag="500" ind1=" " ind2=" ">
    <subfield code="a">Abstract
We present new evidence that highlights the role of information intermediaries in the distribution and processing of earnings estimates in capital markets. We find that the time taken to activate an analyst's earnings forecast in the Thomson Reuters Institutional Brokers&#x2019; Estimate System is related to measures of investor demand for timely information processing, processing difficulty, and limited attention. Furthermore, we find that forecast announcement returns are muted and post-announcement drift is magnified for forecasts with longer unexpected activation delay and that market inefficiency is concentrated in neglected stocks and potentially exploitable. Finally, analyzing intraday returns, we find that activations facilitate price discovery.</subfield>
  </datafield>
  <datafield tag="690" ind1=" " ind2=" ">
    <subfield code="a">Information intermediaries</subfield>
  </datafield>
  <datafield tag="690" ind1=" " ind2=" ">
    <subfield code="a">Information processing</subfield>
  </datafield>
  <datafield tag="690" ind1=" " ind2=" ">
    <subfield code="a">Limited attention</subfield>
  </datafield>
  <datafield tag="690" ind1=" " ind2=" ">
    <subfield code="a">Information distribution</subfield>
  </datafield>
  <datafield tag="690" ind1=" " ind2=" ">
    <subfield code="a">Price discovery</subfield>
  </datafield>
  <datafield tag="942" ind1=" " ind2=" ">
    <subfield code="2">lcc</subfield>
    <subfield code="c">SE</subfield>
  </datafield>
  <datafield tag="999" ind1=" " ind2=" ">
    <subfield code="c">361339</subfield>
    <subfield code="d">361339</subfield>
  </datafield>
</record>
